00430nam a2200169Ia 4500003000400000005001700004008004100021020001400062040000700076041000800083082002500091100002600116245003900142260004800181300001800229365001300247OSt20230321112107.0210423s2012 xx 000 0 und d a521697646 cAL aeng a809.93592 223bGUIA aGUIBBORY (Achsah),Ed. aCambridge companion to John Donne. aNew DelhibCambridge University Pressc2012 axviii,288bPB b695cINR